000 01313nam a2200253Ia 4500
999 _c56699
_d56699
001 23821
003 GE_BSU
005 20230330151848.0
008 181216s1975ge xx |||||||||||||| ||geo||
040 _cGE_BSU
041 _ageo
080 _a94(3)+ 821.14'01-32 ჰ-46
100 _aჰეროდოტე
_916935
245 _aისტორია. ტ.1 /
_cჰეროდოტე, ბერძნ. თარგმნა, წინასიტყვ. და საძიებელი დაურთო თ. ყაუხჩიშვილმა. რედ. ბ. ბრეგვაძე
250 _aთბილ. უნ-ტის ბერძნულ-ლათინური ბიბ-კა.
264 _aთბილისი :
_bთბილ. უნ-ტის გამ-ბა,
_c1975.
300 _a358 გვ. :
_b22 სმ.
520 _aპარალ. სათ. რუს და ინგლ.
653 _aისტორია. ტ.1
653 _aძველი ქვეყნების ისტორია; ბერძენ-სპარსელთა ომები
700 _a ყაუხჩიშვილი, თინა
_eმთარგმნელი
_917379
700 _aბრეგაძე, ბ
_eრედაქტორი
_917380
942 _cBK
_2udc